Immortals of Italian literature (Record no. 78729)

MARC details
000 -LEADER
fixed length control field 00354nam a2200145Ia 4500
008 - FIXED-LENGTH DATA ELEMENTS--GENERAL INFORMATION
fixed length control field 230917s9999||||xx |||||||||||||| ||und||
040 ## - CATALOGING SOURCE
-- 55275
Original cataloging agency VIVEKANANDA LIBRARY
041 ## - Language
-- English
082 ## - DDC NUMBER
Classification number 879.4 M861I
100 ## - MAIN ENTRY--PERSONAL NAME
Personal name Moulik, Achala
245 #0 - TITLE STATEMENT
Title Immortals of Italian literature
260 ## - PUBLICATION, DISTRIBUTION, ETC. (IMPRINT)
Place of publication, distribution, etc New Delhi
Name of publisher, distributor, etc Vikas
Date of publication, distribution, etc 1988
300 ## - PHYSICAL DESCRIPTION
Pages viii, 243 p.
942 ## - ADDED ENTRY ELEMENTS (KOHA)
Koha item type Books
Holdings
Withdrawn status Lost status Damaged status Not for loan Location (home branch) Sublocation or collection (holding branch) Date acquired Koha issues (times borrowed) Koha full call number Accession No. Koha date last seen Koha item type
        VIVEKANANDA LIBRARY VIVEKANANDA LIBRARY 19/12/2002   879.4 M861I 154837 17/09/2023 Books
© Designed and Maintained by Vivekananda Library, MDU Rohtak